Špecifiká účtovania zásob spôsobom B v sústave podvojného účtovníctva

Účtovanie obstarania a úbytku zásob spôsobom A alebo B môžu využiť všetky účtovné jednotky, ktoré vedú účtovníctvo v sústave podvojného účtovníctva. Postup a príklad účtovania podľa spôsobu B.

Na minha lista:
Detalhes bibliográficos
Autor principal: Pakšiová, Renáta, 1974-
Formato: Capítulo de Livro
Idioma:eslovaco
Assuntos:
Tags: Adicionar Tag
Sem tags, seja o primeiro a adicionar uma tag!

MARC

LEADER 00000naa a2200000 4500
001 0219440
005 20240502073620.9
041 0 |a slo 
044 |a SK 
245 1 0 |a Špecifiká účtovania zásob spôsobom B v sústave podvojného účtovníctva  |c Renáta Pakšiová 
520 |a Účtovanie obstarania a úbytku zásob spôsobom A alebo B môžu využiť všetky účtovné jednotky, ktoré vedú účtovníctvo v sústave podvojného účtovníctva. Postup a príklad účtovania podľa spôsobu B. 
610 2 0 |a účtovníctvo podvojné 
610 2 0 |a metódy účtovné 
610 2 0 |a operácie účtovné 
610 2 0 |a postupy účtovné 
610 2 0 |a jednotka účtovná 
610 2 0 |a účtovanie 
610 2 0 |a zásoby 
100 1 |a Pakšiová, Renáta, 1974-